|
|
|
|
| LEADER |
01026nab#a2200325#ar4500 |
| 001 |
000030021 |
| 003 |
SVKKK |
| 005 |
00000000000000.0 |
| 008 |
c xo e czeo |
| FMT |
|
|
|
| 038 |
|
|
|a SVKKK
|
| 040 |
|
|
|a SVKKK
|b slo
|e AACR2
|
| 041 |
0 |
|
|a cze
|
| 044 |
|
|
|a xo
|c SK
|
| 080 |
|
|
|a 621.74.005:339:658.818.
|2 1981
|
| 100 |
1 |
|
|a Jiřikovský, Jiří
|4 aut
|
| 245 |
1 |
0 |
|a METAKON, s.r.o., Brno - dodavatel slévárenského zařízení. Georg Fischer Disa, s.r.o., Příbram - výrobce tryskacích strojů
|c Jiřikovský Jiří, Krátky Michal
|
| 300 |
|
|
|b Fotogr., obr.
|
| 650 |
0 |
4 |
|a Georg Fischer Disa, s.r.o. Příbram
|
| 650 |
0 |
4 |
|a METAKON, s.r.o. Brno
|
| 650 |
0 |
4 |
|a linky formovacie
|x projekt
|x analýzy
|
| 650 |
0 |
4 |
|a stroje tryskacie
|x výroba
|x princípy pracovné
|x analýzy
|
| 700 |
1 |
|
|a Krátky, Michal
|4 aut
|
| 773 |
0 |
|
|t Slévárenství
|x 0037-6825
|g Roč. 48, č. 5-6(2000), s. 289-292
|
| 958 |
|
|
|a MB
|
| 974 |
|
|
|d 000718
|a Mi
|
| 992 |
|
|
|a RBX
|
| BAS |
|
|
|
| 852 |
|
|
|a SVKKK
|b BIB
|
| 998 |
|
|
|a HUT
|